000 00445nam a2200181Ia 4500
001 21070
005 20260306172852.0
008 260306t1999||||xx |||||||||||||| ||spa||
041 _aESP
082 _a344
_bJ414 N° 22
100 _aJakobs, Günther,
_eAUT
245 0 _aSobre la génesis de la obligación jurídica
260 _c1999
300 _a47 páginas :
_c21 cm.
650 _aGEN
654 _aCDE
942 _cLIB
_dJUS
_fJUS
_2ddc
_n
999 _c21070
_d21070